00588nam a22001937a 450000500170000001000150001702000260003203500140005803700090007208200090008110000290009024500490011925000060016826000100017430000190018494200200020399900190022395201520024220260514150212.0 aENG-148456 a9789353211455c430.00 aEN-131988 bDBAD aN21 aBhatt, Bhavesh K.989106 aThe Almanika in your Love/cBhavesh K. Bhatt a1 bPothi avpp.c23cm(pb) 2ddccENhNmBHA c216204d216204 001040708FICaRKPbRKPd2026-05-14eDelivery of Books Act Divisiong430.00l0oN BHApEN-131988r2026-05-14 15:02:33t 1v430.00w2026-05-14yEN